Responses for Show #4557 - Tuesday, June 1, 2004

Contestants

[<< previous game]

Sue McClung, a project manager from Boston, Massachusetts

Toby Guebert, a community college instructor from Claremont, California

Jerry Harvey, a freelance educator originally from California, Missouri (whose 1-day cash winnings total $35,201)

[next game >>]

Jeopardy! Round responses

INVENTIVE WOMEN
DISNEY FILM CHARACTERS
THE REGINA MONOLOGUES
1995
FASHION ACCESSORIES
COOK UP SOME "STU"
    $200 3
a mousetrap

Jerry
    $200 1
Snow White

Sue
    $200 4
Saskatchewan

Toby
    $200 17
Prince Charles

Toby
    $200 26
a handkerchief

Sue
    $200 6
a studio

Jerry
    $400 18
(Alex: Yeah, I hope they took the cups out.)

a bra

Sue
    $400 2
Pinocchio

Jerry
    $400 5
the Royal Canadian Mounted Police

Jerry
    $400 19
the Philippines

Jerry
    $400 27
studs

Sue
    $400 12
stupendous

Sue
    $600 21
handles

Toby
    $600 7
The Little Mermaid

Toby
    $1,000 8
Queen Victoria

Toby
    $600 20
Marilyn Monroe

Toby
    $600 28
an ascot

Jerry
    $600 13
a Studebaker

Sue
    $800 22
windshield wipers

Jerry
    $800 10
Captain Hook

Jerry
    $800 9
the Northwest Territories

Jerry
    $800 24
(Jerry: What is Hartford?)

Oklahoma City

JerryToby
    $800 29
the Panama hat

Triple Stumper
    $800 14
stupor

Toby
    $1000 23
(Alex: We had one. A [*]. Hang it in the doorway.)

a Jolly Jumper

Triple Stumper
    $1000 11
Mulan

Jerry
    $1000 16
curling

Sue
    $1000 25
Kent State

Toby
    $1000 30
fans

Jerry
    $1000 15
Stuttgart

Sue

Scores at the first commercial break (after clue 15):

Jerry Toby Sue
$3,800 $2,600 $2,200

Scores at the end of the Jeopardy! Round:

Jerry Toby Sue
$5,800 $5,800 $4,200

Double Jeopardy! Round responses

GILBERT & SULLIVAN
THEY'RE SPORTY
SOMEDAY MY PRINCE WILL COME
THE INC. SPOTS
GEOMETRY
CROSSWORD CLUES "F"
    $400 1
damn

Sue
    $400 6
Wayne Gretzky

Sue
    $400 22
Monaco

Jerry
    $400 19
Wall Street

Jerry
    $400 11
360

Jerry
    $400 3
frown

Sue
    $800 2
The Mikado

Toby
    $800 14
Lance Armstrong

Toby
    $800 23
Henry

Jerry
    $800 27
(Alex: Yes, Japan Air Lines.)

Tokyo

Toby
    $800 12
x & y

Sue
    $800 5
(Sue: What are fractions?)

fraction

TobySue
    $1200 4
[Alex reads "troupe" in the clue as "group".]

Olympus

Jerry
    $1200 15
Chick Hearn

Jerry
    $1200 24
Wales

Toby
    $1200 28
Pacific

Toby
    $1200 16
Pythagoras

Sue
    $1200 8
flammable

Jerry
    $1,400 7
The Pirates of Penzance

Sue
    $1600 17
Sugar Ray Robinson

Triple Stumper
    $4,000 25
Orange

Toby
    $1600 29
Pittsburgh

Triple Stumper
    $1600 20
(Jerry: What is... convex?)
(Toby: What is concave?)
(Alex: Be more specific. ...Sorry.)
[Alex credited both players' scores before the Final Jeopardy! Round, citing ambiguity in the clue wording.]

a parabola

Triple Stumper
    $1600 9
flan

Jerry
    $2000 13
(Alex: What's Venice famous for? Gondolas. Hence, [*].)

The Gondoliers

Triple Stumper
    $2000 18
(Michelle) Wie

Sue
    $2000 26
Bismarck

Jerry
    $2000 30
Arkansas

Toby
    $2000 21
a trapezoid

Jerry
    $2000 10
fob

Jerry

Scores at the end of the Double Jeopardy! Round:

Jerry Toby Sue
$19,000 $17,400 $10,000

[wagering suggestions for these scores]

Final Jeopardy! Round responses

AMERICAN LITERATURE
SueWhat is The Scarlet Letter
$5,000
TobyWhat is the Scarlet Letter?
$3,000
JerryWhat is The Scarlet Letter?
$15,801
The Scarlet Letter

Final scores:

Jerry Toby Sue
$34,801 $20,400 $15,000
2-day champion: $70,002 2nd place: $2,000 3rd place: $1,000

Game dynamics:

Coryat scores:

Jerry Toby Sue
$19,000 $14,600 $10,200
22 R,
1 W
17 R
(including 2 DDs),
0 W
15 R
(including 1 DD),
1 W

Combined Coryat: $43,800

[game clues] [game scores] [suggest correction]

Game tape date: 2004-02-24
The J! Archive is created by fans, for fans. Scraping, republication, monetization, and malicious use prohibited; this site may use cookies and collect identifying information. See terms. The Jeopardy! game show and all elements thereof, including but not limited to copyright and trademark thereto, are the property of Jeopardy Productions, Inc. and are protected under law. This website is not affiliated with, sponsored by, or operated by Jeopardy Productions, Inc. Join the discussion at JBoard.tv.